| 000 | 00540nam a22001337a 4500 | ||
|---|---|---|---|
| 005 | 20180804112814.0 | ||
| 020 |
_a8170002559 _c450.00 |
||
| 035 | _aB-19288, B-019286 | ||
| 037 |
_aDPL _bENG |
||
| 245 | _aChanging Trends In Library And Information Science/ | ||
| 260 |
_aNew Delhi _bEss Ess Publication _c2000 |
||
| 300 |
_a 189p. _c22 cms. |
||
| 942 |
_2ddc _cEN _h020. _mCHA |
||
| 999 |
_c63198 _d63198 |
||